Les joueurs les plus utilisés par le LOSC - Statistiques

Statistiques générales
  • Ce quiz a été pris 78 fois
  • Le résultat moyen est 6 sur 10
Statistiques - réponses
Joueurs % Correct
5. André
91%
2. David
91%
1. Chevalier
88%
8. Zhegrova
71%
4. Gomes
66%
7. Tiago Santos
66%
3. Yoro
54%
6. Ismaily
52%
10. Bentaleb
46%
9. Alexsandro Ribeiro
14%
Aucun quiz correspondant
Distribution des résultats
% des personnes avec chaque résultat
Percentile par nombre de réponses
Votre historique - résultats
Vous n’avez pas pris ce quiz